Aby dnešné špičky boli zajtrajším priemerom

Podrobná bibliografia
Hlavný autor: Šilan, Ján, 1929-2011 (Autor)
Médium: Článok
Jazyk:slovenčina
Predmet:

MARC

LEADER 00000nab a2200000 ar4500
001 vtls009341140
003 SK-MaSNL
005 20260303200630.0
008 081002c1976 xo |r|p|||||||000 b|slo
015 |a SNBRB1976 
038 |a SNKBUCL 
040 |a SNKBUCL  |b slo  |c SNKBUCL  |e AACR2 
041 |a slo 
044 |a xo  |c SK 
080 |a 792  |2 1997 
100 1 |a Šilan, Ján,  |d 1929-2011  |4 aut  |9 157557 
245 1 0 |a Aby dnešné špičky boli zajtrajším priemerom  |c Ján Šilan 
610 2 7 |a Divadlo Jonáša Záborského  |2 snkbucl  |9 29722 
773 0 |t Nové slovo  |g Roč. 18, č. 25 (1976), s. 8 
852 |a SNK  |b KIS3GCP 
958 |a SK 
999 |c 2169012  |d 2170942